000
00231 a2200085 4500
020
_a
9781864706628
100
_a
MANIT RASTOGI,
245
_a
MORPHOGENESIS: THE INDIAN PERSPECTIVE. THE GLOBAL CONTEXT
260
_b
IMAGES PUBLISHSING GROUP
999
_c
13098
_d
13098